000
00247nam a22001217a 4500
003
SGT
082
_b
SHA
100
_a
SHARMA, N.K.
245
_a
TEACHING OF HOME SCIENCE
260
_a
DELHI
_b
KSK PUB.
_c
2014
300
_a
268
942
_2
ddc
_c
BK
999
_c
19836
_d
19836